000 00316nam a22001337a 4500
008 241207b |||||||| |||| 00| 0 eng d
022 _a071486026747
041 _aEng
245 _aThe Economist
260 _aLondon
_bThe Economist Group
_c2024
300 _a86;.P.
856 _uwww.economist.com
942 _cSR
_s1
999 _c43167
_d43167